15 Most Famous Cities in Moldova on a Map - Statistics

General Stats
  • This quiz has been taken 85 times
  • The average score is 7 of 15
Answers on the Map
Answers color-coded by a green-red scale on the quiz's map according to % correct below.
 
Answer Stats
Wiki Monthly Views Cityquiz Mention Rate Population Answers % Correct
98.86K 29.66% 532.51K Chișinău
96%
55.19K 7.95% 133.81K Tiraspol
87%
15.51K 2.60% 97.93K Bălți
70%
25.29K 1.72% 91.88K Bender
58%
8.09K 0.52% 20.11K Comrat
43%
5.64K 0.47% 21.07K Orhei
43%
6.27K 0.40% 22.20K Soroca
43%
5.18K 0.57% 28.76K Cahul
40%
6.09K 0.59% 47.95K Rîbnița
40%
3.97K 0.33% 30.80K Ungheni
36%
4.52K 0.28% 25.06K Dubăsari
34%
2.74K 0.16% 12.49K Hîncești
30%
2.56K 0.13% 16.61K Ceadîr-Lunga
27%
2.34K 0.12% 2.87K Giurgiulești
22%
2.97K 0.07% 10.67K Cricova
19%
No matching quizzes found
Score Distribution
Percent of People with Each Score
Percentile by Number Answered
Your Score History
You have not taken this quiz